000 02113nam a2200577 i 4500
001 2710
003 KOSZ 005
005 20250523063410.0
008 200518s1985 pl a f 000 0 pol
015 _aUWD 1985/7439
035 _a991008313349705066
035 _a(PL-WaBN)b12144708-48omnis_nlop
035 _ab12144708
035 _a(OCoLC)749867150
035 _a(PL)b0000001214470
035 _a(EXLNZ-48OMNIS_NETWORK)9910075952105606
040 _aWA N
_cWA N
_dKOSZ 005/AR
046 _k1985
080 _a681.2
080 _a681.5
080 _a(075.8)
100 1 _aTarnowski, Wojciech
_d(1936-2024)
_eAutor
245 1 0 _aBłędy mechanicznych przyrządów pomiarowych i elementów automatyki /
_cWojciech Tarnowski.
250 _aWydanie 2.
260 _aGliwice :
_bDział Wydawnictw Politechniki Śląskiej,
_c1985.
300 _a136, [1] strona :
_bilustracje ;
_c24 cm.
336 _aTekst
_btxt
_2rdacontent
337 _aBez urządzenia pośredniczącego
_bn
_2rdamedia
338 _aWolumin
_bnc
_2rdacarrier
380 _aKsiążki
380 _aPublikacje naukowe
380 _aPublikacje dydaktyczne
385 _mPoziom nauczania
_aSzkoły wyższe
388 _a1901-2000
388 _a1945-1989
490 1 _aSkrypty Uczelniane / Politechnika Śląska im. W. Pstrowskiego,
_x0434-0825 ;
_vnr 1207
500 _aNa okładce: 40-lecie Politechniki Śląskiej.
504 _aBibliografia na stronie [137].
521 _aSkrypt przeznaczony dla studentów Wydziału Automatyki i Informatyki.
650 7 _aAutomatyka
_2DBN
650 7 _aPrzyrządy pomiarowe
_2DBN
650 7 _aPomiary
650 7 _aBłędy
655 7 _aPodręczniki akademickie
_2DBN
658 _aInżynieria i technika
710 2 _4pbl
_aWydawnictwo Politechniki Śląskiej
830 0 _aSkrypty Uczelniane - Politechnika Śląska im. Wincentego Pstrowskiego,
_vnr 1207
856 _uhttp://koha.tu.koszalin.pl/cgi-bin/koha/opac-detail.pl?biblionumber=2710
_yKatalog online BPK
942 _2UKD
_cKS
999 _c2710
_d2710